MLB Arizona Diamondbacks Best Players - Statistics

General Stats
  • This quiz has been taken 37 times
  • The average score is 8 of 12
Answer Stats
WAR Years Player Pos. Awards % Correct
50.9 1999 - 2004, 2007 - 2008 Randy Johnson P 1999 2000 2001 2002 Cy Young
100%
39.9 2011 - 2018 Paul Goldschmidt 1B 3x GG, 4x SS
94%
25.3 2000 - 2003 Curt Schilling P
88%
30.0 1999 - 2006 Luis Gonzalez LF SS
84%
31.7 2017 - Active Ketel Marte 2B SS
81%
18.4 2019 - Active Zac Gallen P
59%
31.1 2003 - 2009 Brandon Webb P 2006 Cy Young
53%
15.3 2017 - 2024 Christian Walker 1B 3x GG
53%
18.5 2016 - 2019 Zack Greinke P 4x GG, SS
47%
18.0 1999 - 2004 Steve Finley CF 3x GG
41%
15.6 2014 - 2022 David Peralta LF GG, SS
34%
18.6 2012 - 2018 AJ Pollock CF GG
16%
No matching quizzes found
Score Distribution
Percent of People with Each Score
Percentile by Number Answered
Your Score History
You have not taken this quiz